[Event "IECG CN.2000.0.00218"]
[Site "IECG email"]
[Date "2000.10.17"]
[Round "?"]
[White "Venturas, Bob"]
[Black "Boyd, Edmund"]
[Result "1-0"]
[WhiteElo "561"]
[BlackElo "755"]
[PlyCount "25"]
[EventDate "2000.10.17"]
[EventType "tourn (corr)"]
[EventRounds "6"]
[SourceTitle "Corr 2008"]
[Source "ChessBase"]
[SourceDate "2008.06.24"]
[SourceVersion "1"]
[SourceVersionDate "2008.06.24"]
[SourceQuality "1"]

1. d4 g6 2. Nf3 Bg7 3. e4 d5 4. e5 f6 5. exf6 Nxf6 6. Nc3 0-0 7. Bd3 c6 8. h3 Nbd7 9. 0-0 Nh5 10. Bg5 Nhf6 11. Qd2 Nb6 12. Ne2 Nc4 13. Bxc4 1-0

[Event "IECC CL6-2000.05"]
[Site "IECC email"]
[Date "1999.12.02"]
[Round "?"]
[White "Boyd, Edmund"]
[Black "Harmon, Tony T"]
[Result "1-0"]
[WhiteElo "1253"]
[BlackElo "1330"]
[PlyCount "39"]
[EventDate "2000.??.??"]
[EventType "tourn (corr)"]
[EventRounds "4"]
[SourceTitle "Corr 2008"]
[Source "ChessBase"]
[SourceDate "2008.06.24"]
[SourceVersion "1"]
[SourceVersionDate "2008.06.24"]
[SourceQuality "1"]

1. d4 d5 2. e3 Nf6 3. Bd3 Nc6 4. f4 Bg4 5. Be2 Bxe2 6. Qxe2 e6 7. Nf3 Bd6 8. 0-0 0-0 9. Ne5 Ne7 10. Bd2 c5 11. c3 Ne4 12. Be1 f6 13. Nf3 Qb6 14. Nbd2 Qxb2 15. Bf2 Nxc3 16. Qe1 c4 17. Bh4 Qc2 18. Rf2 Qd3 19. g4 b5 20. Qf1 1-0

[Event "IECC CL6-2000.05"]
[Site "IECC email"]
[Date "1999.12.02"]
[Round "?"]
[White "Williams, Derek"]
[Black "Boyd, Edmund"]
[Result "1-0"]
[WhiteElo "1405"]
[BlackElo "1272"]
[PlyCount "67"]
[EventDate "2000.??.??"]
[EventType "tourn (corr)"]
[EventRounds "4"]
[SourceTitle "Corr 2008"]
[Source "ChessBase"]
[SourceDate "2008.06.24"]
[SourceVersion "1"]
[SourceVersionDate "2008.06.24"]
[SourceQuality "1"]

1. d4 g6 2. e4 Bg7 3. Bc4 d6 4. Nc3 e6 5. Nf3 c6 6. Bg5 Ne7 7. 0-0 0-0 8. a4 d5 9. Bb3 Qc7 10. Bxe7 Qxe7 11. Re1 Nd7 12. exd5 cxd5 13. Nxd5 Qd8 14. Nc3 b6 15. Qd3 Bb7 16. Rad1 Nf6 17. Ne5 Nd5 18. Nxd5 Bxd5 19. Bxd5 Qxd5 20. c4 Qd6 21. Qe4 Bxe5 22. Qxe5 Qxe5 23. dxe5 Rfd8 24. Rd6 Rac8 25. Red1 Rxd6 26. exd6 Kf8 27. b4 Rd8 28. c5 bxc5 29. bxc5 Ke8 30. c6 a6 31. d7+ Ke7 32. Kf1 h5 33. Ke2 f6 34. c7 1-0

[Event "IECC Y2KO email"]
[Site "IECC email"]
[Date "1999.10.14"]
[Round "?"]
[White "Wenger, Joseph"]
[Black "Boyd, Edmund"]
[Result "1-0"]
[WhiteElo "1816"]
[BlackElo "1218"]
[PlyCount "49"]
[EventDate "1999.??.??"]
[EventType "tourn (corr)"]
[EventRounds "2"]
[SourceTitle "Corr 2008"]
[Source "ChessBase"]
[SourceDate "2008.06.24"]
[SourceVersion "1"]
[SourceVersionDate "2008.06.24"]
[SourceQuality "1"]

1. e4 g6 2. d4 Bg7 3. c3 d6 4. f4 e6 5. Nf3 Bd7 6. Bd3 Ne7 7. 0-0 0-0 8. Qe2 c6 9. Be3 Qc7 10. Nbd2 d5 11. Rac1 dxe4 12. Nxe4 Nd5 13. Ne5 Be8 14. Nc4 Nd7 15. Rcd1 N7b6 16. Ne5 Nxe3 17. Qxe3 Nd5 18. Qh3 h6 19. c4 Nf6 20. Nxf6+ Bxf6 21. Qxh6 Bg7 22. Qh4 Bxe5 23. fxe5 Bd7 24. Rf3 Qd8 25. Qh6 1-0

[Event "IECC CL7-1999.26"]
[Site "IECC email"]
[Date "1999.06.11"]
[Round "?"]
[White "Karlsson, Roger"]
[Black "Boyd, Edmund"]
[Result "0-1"]
[WhiteElo "933"]
[BlackElo "1228"]
[PlyCount "76"]
[EventDate "1999.??.??"]
[EventType "tourn (corr)"]
[EventRounds "4"]
[SourceTitle "Corr 2008"]
[Source "ChessBase"]
[SourceDate "2008.06.24"]
[SourceVersion "1"]
[SourceVersionDate "2008.06.24"]
[SourceQuality "1"]

1. e4 g6 2. d4 Bg7 3. Nf3 d6 4. Bc4 e6 5. Nc3 a6 6. 0-0 Ne7 7. d5 e5 8. a4 0-0 9. Ra3 c5 10. Be3 Nd7 11. a5 f5 12. Ng5 Nf6 13. Ne6 Bxe6 14. dxe6 f4 15. Bd2 Kh8 16. g4 b5 17. Bd5 Nfxd5 18. exd5 b4 19. Rb3 bxc3 20. Bxc3 Rb8 21. Rxb8 Qxb8 22. Qd3 Qb7 23. Rb1 Qxd5 24. Qxa6 Qxe6 25. Qb7 Qxg4+ 26. Kf1 Qh3+ 27. Ke2 Nf5 28. Qe4 Qxh2 29. Rh1 Ng3+ 30. Kd3 Nxh1 31. Kc4 Nxf2 32. Qc6 Rd8 33. Qc7 Qh4 34. Kd5 Qf6 35. a6 Ra8 36. a7 Kg8 37. Qb8+ Qf8 38. Qc7 Qf7+ 0-1

[Event "IECC CL6-1999.07"]
[Site "IECC email"]
[Date "1999.02.15"]
[Round "?"]
[White "Boyd, Edmund"]
[Black "Richard, Andy"]
[Result "1/2-1/2"]
[WhiteElo "1129"]
[BlackElo "1317"]
[PlyCount "48"]
[EventDate "1999.??.??"]
[EventType "tourn (corr)"]
[EventRounds "4"]
[SourceTitle "Corr 2008"]
[Source "ChessBase"]
[SourceDate "2008.06.24"]
[SourceVersion "1"]
[SourceVersionDate "2008.06.24"]
[SourceQuality "1"]

1. d4 Nf6 2. e3 e6 3. Bd3 d5 4. f4 c5 5. c3 Bd6 6. Nf3 0-0 7. 0-0 Nc6 8. Bd2 b6 9. Be1 Bb7 10. Nbd2 cxd4 11. cxd4 Rc8 12. a3 Qe7 13. Ne5 Bxe5 14. fxe5 Ne8 15. Qh5 g6 16. Qh6 f5 17. Nf3 Qg7 18. Qf4 Kh8 19. Ng5 Qe7 20. h4 h6 21. Nh3 Kh7 22. Qg3 Qg7 23. Nf4 Qf7 24. Rc1 a6 1/2-1/2

[Event "IECC CL7-1999.01"]
[Site "IECC email"]
[Date "1998.11.07"]
[Round "?"]
[White "Barnes, Tim E"]
[Black "Boyd, Edmund"]
[Result "0-1"]
[WhiteElo "980"]
[BlackElo "1110"]
[PlyCount "72"]
[EventDate "1999.??.??"]
[EventType "tourn (corr)"]
[EventRounds "4"]
[SourceTitle "Corr 2008"]
[Source "ChessBase"]
[SourceDate "2008.06.24"]
[SourceVersion "1"]
[SourceVersionDate "2008.06.24"]
[SourceQuality "1"]

1. e4 g6 2. d4 Bg7 3. Nf3 d6 4. Bc4 Bg4 5. Nc3 e6 6. 0-0 Bxf3 7. Qxf3 Bxd4 8. e5 Bxe5 9. Be3 c6 10. Bf4 Bxf4 11. Qxf4 Ne7 12. Ne4 Nf5 13. Ng5 d5 14. Bd3 Nd7 15. g4 Nh6 16. h4 Nf6 17. f3 Qb6+ 18. Kg2 Nd7 19. b3 e5 20. Rfe1 0-0-0 21. Qd2 f6 22. Ne6 Rde8 23. Ng7 Re7 24. Qxh6 Qd8 25. h5 Qf8 26. hxg6 hxg6 27. Qxg6 Rxg7 28. Qf5 Rg5 29. Qe6 Rg7 30. c4 d4 31. Rab1 Kc7 32. b4 Re7 33. Qf5 Qh6 34. Kf1 Qh2 35. a4 Qg3 36. Qe4 Rh2 0-1

[Event "IECC CL7-1998.15"]
[Site "IECC email"]
[Date "1998.08.15"]
[Round "?"]
[White "Cherner, Lyle"]
[Black "Boyd, Edmund"]
[Result "1/2-1/2"]
[WhiteElo "1322"]
[BlackElo "1137"]
[PlyCount "77"]
[EventDate "1998.??.??"]
[EventType "tourn (corr)"]
[EventRounds "4"]
[SourceTitle "Corr 2008"]
[Source "ChessBase"]
[SourceDate "2008.06.24"]
[SourceVersion "1"]
[SourceVersionDate "2008.06.24"]
[SourceQuality "1"]

1. e4 g6 2. d4 Bg7 3. Nc3 d6 4. f4 e6 5. Bc4 c6 6. Nf3 Ne7 7. 0-0 0-0 8. Re1 c5 9. Be3 cxd4 10. Bxd4 Nbc6 11. Bxg7 Kxg7 12. Nb5 d5 13. exd5 exd5 14. Bb3 a6 15. Nbd4 Bg4 16. Qd3 Qb6 17. Qe3 Bxf3 18. Nf5+ Nxf5 19. Qxb6 Nfd4 20. c3 Nxb3 21. axb3 Bg4 22. Qxb7 Rfc8 23. Rxa6 Rab8 24. Qxc6 Rxc6 25. Rxc6 Rxb3 26. h3 Be6 27. Re2 h5 28. Kf2 Kf6 29. Rd6 h4 30. Ke3 Ke7 31. Ra6 Kf6 32. Ra3 Rb5 33. b4 Rb7 34. Rb2 Kf5 35. b5 Re7 36. b6 Bc8+ 37. Kf3 Bb7 38. Ra5 Re4 39. Rb4 1/2-1/2

[Event "IECC CL7-1998.15"]
[Site "IECC email"]
[Date "1998.08.15"]
[Round "?"]
[White "Roger, Patrice"]
[Black "Boyd, Edmund"]
[Result "0-1"]
[WhiteElo "960"]
[BlackElo "1078"]
[PlyCount "92"]
[EventDate "1998.??.??"]
[EventType "tourn (corr)"]
[EventRounds "4"]
[SourceTitle "Corr 2008"]
[Source "ChessBase"]
[SourceDate "2008.06.24"]
[SourceVersion "1"]
[SourceVersionDate "2008.06.24"]
[SourceQuality "1"]

1. e4 g6 2. Nf3 Bg7 3. Bc4 c6 4. 0-0 d5 5. Bd3 d4 6. c4 c5 7. Qe2 e5 8. b3 Nf6 9. Ba3 b6 10. b4 Nbd7 11. bxc5 bxc5 12. Bc2 Qa5 13. Nh4 Nh5 14. d3 Nf4 15. Qd2 Qb6 16. g3 Nh3+ 17. Kh1 Nf6 18. Bd1 Ng4 19. Bxg4 Bxg4 20. f3 Be6 21. Qc1 h6 22. Nd2 Bf6 23. Rb1 Qc7 24. Rb5 Be7 25. Qb2 0-0 26. Nb3 a6 27. Ra5 Rfb8 28. Qd2 Bg5 29. Qe1 Bxh4 30. gxh4 Nf4 31. Nxc5 Rb6 32. Nxe6 Rxe6 33. Qd2 Nxd3 34. Ra4 Nf4 35. Bc1 Kg7 36. Qa5 Qc6 37. Bxf4 exf4 38. c5 Rb8 39. Rxd4 Rb5 40. Qd2 Rf6 41. Rc1 Rxc5 42. Rg1 Rc2 43. Qd1 Rxa2 44. h5 g5 45. h4 Qc5 46. Rd5 Qf2 0-1

[Event "IECC CL7-1998.13"]
[Site "IECC email"]
[Date "1998.07.04"]
[Round "?"]
[White "Boyd, Edmund"]
[Black "Pool, Theo"]
[Result "1/2-1/2"]
[WhiteElo "1067"]
[BlackElo "1020"]
[PlyCount "65"]
[EventDate "1998.??.??"]
[EventType "tourn (corr)"]
[EventRounds "4"]
[SourceTitle "Corr 2008"]
[Source "ChessBase"]
[SourceDate "2008.06.24"]
[SourceVersion "1"]
[SourceVersionDate "2008.06.24"]
[SourceQuality "1"]

1. f4 d5 2. Nf3 g6 3. e3 Bg7 4. d4 Nf6 5. Bd3 0-0 6. Nbd2 Bf5 7. Bxf5 gxf5 8. 0-0 Nc6 9. a3 e6 10. Ne5 Ne7 11. c4 c6 12. c5 Ng6 13. Qe1 Qe7 14. Nxg6 fxg6 15. a4 a6 16. Qh4 Rf7 17. Rf3 Qe8 18. Rh3 h6 19. Nf3 Ng4 20. Ne5 Bf6 21. Qe1 Rh7 22. Rf3 g5 23. b4 Nxe5 24. dxe5 g4 25. Rf1 Be7 26. Qg3 Qd8 27. Qf2 h5 28. Bd2 Qf8 29. Be1 h4 30. Qe2 Qg7 31. a5 h3 32. g3 Qf8 33. Bc3 1/2-1/2

[Event "IECG CN.1998.0.00069"]
[Site "IECG email"]
[Date "1998.06.12"]
[Round "?"]
[White "Bouillier, Eric"]
[Black "Boyd, Edmund"]
[Result "1-0"]
[WhiteElo "800"]
[BlackElo "884"]
[PlyCount "41"]
[EventDate "1998.06.12"]
[EventType "tourn (corr)"]
[EventRounds "6"]
[SourceTitle "Corr 2008"]
[Source "ChessBase"]
[SourceDate "2008.06.24"]
[SourceVersion "1"]
[SourceVersionDate "2008.06.24"]
[SourceQuality "1"]

1. e4 g6 2. d4 Bg7 3. Nc3 c6 4. Bc4 d6 5. Nf3 Nf6 6. 0-0 0-0 7. Re1 b5 8. Bb3 e6 9. a3 Nbd7 10. Bg5 e5 11. d5 cxd5 12. Bxd5 Rb8 13. Bc6 a6 14. Qxd6 Re8 15. Rad1 Re6 16. Qxb8 Rxc6 17. Qxe5 Re6 18. Qg3 Qb6 19. Re3 Nh5 20. Qh4 Ne5 21. Rd8+ 1-0

[Event "IECC CL7-1998.12"]
[Site "IECC email"]
[Date "1998.05.20"]
[Round "?"]
[White "Stoffers, Jeffrey"]
[Black "Boyd, Edmund"]
[Result "1/2-1/2"]
[WhiteElo "1190"]
[BlackElo "1065"]
[PlyCount "117"]
[EventDate "1998.??.??"]
[EventType "tourn (corr)"]
[EventRounds "4"]
[SourceTitle "Corr 2008"]
[Source "ChessBase"]
[SourceDate "2008.06.24"]
[SourceVersion "1"]
[SourceVersionDate "2008.06.24"]
[SourceQuality "1"]

1. e4 g6 2. d4 Bg7 3. Nf3 d6 4. Bc4 Nf6 5. Qe2 0-0 6. 0-0 Bg4 7. Rd1 e6 8. e5 Nd5 9. h3 Bxf3 10. Qxf3 c6 11. Bf4 Nxf4 12. Qxf4 dxe5 13. Qf3 exd4 14. Nd2 Nd7 15. Nb3 Ne5 16. Qe2 Nxc4 17. Qxc4 e5 18. c3 Qb6 19. cxd4 exd4 20. Nxd4 Rad8 21. Nb3 Bxb2 22. Rab1 Rxd1+ 23. Rxd1 Rd8 24. Re1 Bd4 25. Nxd4 Rxd4 26. Re8+ Kg7 27. Qc3 Qb1+ 28. Kh2 Qd3 29. Qxd3 Rxd3 30. Re7 Ra3 31. Rxb7 Rxa2 32. Rc7 Ra6 33. Kg3 Kf6 34. Kf4 h5 35. h4 Ke6 36. Ke4 f5+ 37. Kd4 Ra4+ 38. Kc5 Ra6 39. Kd4 Kf6 40. f4 Ke6 41. Kc5 Kf6 42. Kd6 Ra4 43. Rxc6 Rxf4 44. Kd5+ Kf7 45. g3 Rg4 46. Rc7+ Kf6 47. Rc6+ Kg7 48. Rc7+ Kf6 49. Rc6+ Ke7 50. Rc7+ Kd8 51. Kd6 Rxg3 52. Rxa7 Ke8 53. Ke6 Kd8 54. Rd7+ Kc8 55. Rd1 Rg4 56. Rc1+ Kd8 57. Rd1+ Ke8 58. Rc1 Kd8 59. Rd1+ 1/2-1/2